000 01009 a2200229 4500
001 60678
005 20260407155858.0
008 260407a2003 arg spa d
003 AR-UNSa-BCEJYS
040 _aAR-UNSa-BCEJYS
_bspa
_cAR-UNSa-BCEJYS
080 _a330.342.146
_xEconomía social de mercado. Economía del estado del bienestar
245 1 0 _aTrueque y economía solidaria
020 _a978-987-21089-0-8
264 1 _aLos Polvorines :
_bUniversidad Nacional de General Sarmiento
_c2003
300 _a324 p.
_c23 cm.
505 _a1. Condiciones para el desarrollo del trueque como componente de la economía social - 2. Aspectos relativos a la moneda de las redes de trueque – 3. Las redes de trueque en la Argentina: racionalidades, conflictos y proyectos alternativos
041 _aspa
942 _cBK
590 _aniveau_biblio:m niveau_hierar:0
100 1 _aHintze, Susana
856 4 1 _uhttps://www.biblioeco.unsa.edu.ar/pmb/images/libros/L129302.jpg
_yImagen de portada
_qimage/jpeg
999 _c7107
_d7107